MARC

LEADER 00000nam0a2200000 4500
001 273241
005 20231101234618.0
020 |a RU  |b 87-50228 
035 |a (RuTPU)RU\TPU\book\296450 
090 |a 273241 
100 |a 20141024d1987 k y0rusy5003 ca 
101 0 |a rus 
102 |a KZ 
105 |a a z 001zy 
200 1 |a Реконструированные оксидоредуктазные системы  |f П. П. Гладышев, Ю. А. Шаповалов, В. П. Квасова  |g Академия наук Казахской ССР (АН КазССР), Институт химических наук 
210 |a Алма-Ата  |c Наука КазССР  |d 1987 
215 |a 187,[2] с.  |c ил. 
320 |a Библиогр.: с. 184-188 (83 назв.) 
606 1 |a Оксидоредуктазы  |2 stltpush  |3 (RuTPU)RU\TPU\subj\46934  |9 66016 
610 1 |a оксидоредуктазные системы 
610 1 |a ферменты иммобилизованные 
610 1 |a иммобилизация 
610 1 |a биокатализаторы 
610 1 |a использование 
675 |a 577.152.1  |z rus  |v 3 
700 1 |a Гладышев  |b П. П.  |g Павел Павлович 
701 1 |a Шаповалов  |b Ю. А.  |g Юрий Александрович 
701 1 |a Квасова  |b В. П.  |g Вера Петровна 
712 0 2 |a Академия наук Казахской ССР (АН КазССР)  |b Институт химических наук  |2 stltpush  |3 (RuTPU)RU\TPU\col\11297 
801 0 |a RU  |b RuMRKP  |c 19950417  |g psbo 
801 1 |a RU  |b 63413507  |c 20141024 
801 2 |a RU  |b 63413507  |c 20170111  |g RCR 
942 |c BK